Vyhodnocovanie pórovitosti hliníkových dielov pomocou CT zariadenia

Salvato in:
Dettagli Bibliografici
Autore principale: Čmela, Matúš (Autore)
Altri autori: Kritikos, Michaela (Relatore della tesi)
Natura: Manoscritto Libro
Lingua:slovacco
Pubblicazione: 2020
Soggetti:
Accesso online:http://is.stuba.sk/zp/portal_zp.pl?podrobnosti=151224
Tags: Aggiungi Tag
Nessun Tag, puoi essere il primo ad aggiungerne!!

MARC

LEADER 00000ntm a22000003a 4500
001 stuzp78154
003 SK-STU
005 20200704211733.1
007 ta
008 150427s2015----xo-----f-mn---000-0-slo-d
040 |a STU  |b slo 
041 0 |a slo 
100 1 |a Čmela, Matúš  |u 063000  |k Z4  |4 aut  |U MTF Materiálovotechnologická fakulta  |T MTF Ústav výrobných technológií  |X 74924  |U M3000  |Y 83  |7 74924 
242 0 1 |a Porosity evaluation of alluminium parts by Computed Tomography  |y eng 
245 1 0 |a Vyhodnocovanie pórovitosti hliníkových dielov pomocou CT zariadenia 
260 |c 2020 
650 4 |a röntgenové žiarenie  |2 slo 
650 4 |a počítačová tomografia  |2 slo 
650 4 |a metrológia  |2 slo 
650 4 |a copmuted tomography  |2 eng 
650 4 |a X- rays  |2 eng 
650 4 |a metrology  |2 eng 
700 1 |a Kritikos, Michaela  |u 063200  |k Z1  |4 ths  |U MTF Ústav výrobných technológií  |T MTF Katedra obrábania a počítačovej podpory technológií  |X 37948  |U M3200  |Y 164  |7 37948 
856 4 |u http://is.stuba.sk/zp/portal_zp.pl?podrobnosti=151224 
996 |c M* DP-14175  |l MMSKP  |s P  |a 0  |w stuzp78154_0001